000
00280nam a22001217a 4500
008
180426b xxu||||| |||| 00| 0 eng d
041
_a
eng
080
_a
043.3
100
_a
0
101
_a
ARK-BTH
245
_a
Modernizimi në Kosovë nga 1945-1999
_c
Maloku,H
942
_2
udc
_c
BK
999
_c
45584
_d
45584